000 00911nam a2200253 a 4500
001 73504
003 BD-RjUL
005 20211209082414.0
008 170603s1966 enka b 001 0 eng
035 _a(BD-RjUL)73722
040 _aDLC
_cIRoC
_dIRoC
_dUk
_dDLC
_dBD-RjUL
_beng
041 1 _aengdan
082 _223
_a635.9333734
_bKIM 1966
100 1 _aKiaer, Eigil
_9217479
245 1 0 _aMethuen handbook of roses /
_cby Eigil Kiaer ; with illustrations by Verner Hancke ; translated [from the Danish] by Gwynne Vevers ; with additional material by Fred Fairbrother.
260 _aLondon :
_bMethuen,
_cc1966.
300 _a111 p. :
_bill.;
_c25 cm.
500 _aOriginally published as Den store rosenbog, Copenhagen, Politikens Forlag, 1965.
500 _aIncludes index.
504 _aBibliography: p. 109.
650 0 _aRoses.
_9217480
700 1 _aHancke, Verner,
_eillus.
_9217481
942 _2ddc
_cBK
999 _c73504
_d73504